Central Library OPAC University of Rajshahi

Picture museum of sorcery, magic & alchemy / (Record no. 29653)

MARC details
000 -LEADER
fixed length control field 00934nam a22002891 4500
001 - CONTROL NUMBER
control field 29653
003 - CONTROL NUMBER IDENTIFIER
rucl marc code BD-RjUL
005 - DATE AND TIME OF LATEST TRANSACTION
control field 20211209051436.0
008 - FIXED-LENGTH DATA ELEMENTS--GENERAL INFORMATION
fixed length control field 140406s1963 nyuac 001 0 eng
035 ## - SYSTEM CONTROL NUMBER
System control number (BD-RjUL)29738
System control number (OCoLC)621530
040 ## - CATALOGING SOURCE
Original cataloging agency DLC
Transcribing agency OWibfC
Modifying agency OCoLC
-- DNLM
-- DLC
-- BD-RjUL
Language of cataloging eng
041 1# - LANGUAGE CODE
Language code of text/sound track or separate title engfre
060 0# - NATIONAL LIBRARY OF MEDICINE CALL NUMBER
Classification number BF 1611
Item number G859m 1963
082 ## - DEWEY DECIMAL CLASSIFICATION NUMBER
Classification number 133
Author mark and year GRP 1963
100 2# - MAIN ENTRY--PERSONAL NAME
Personal name Grillot de Givry,
Dates associated with a name 1870-1929.
9 (RLIN) 90332
245 10 - TITLE STATEMENT
Title Picture museum of sorcery, magic & alchemy /
Statement of responsibility, etc. Translated by J. Courtenay Locke.
260 ## - PUBLICATION, DISTRIBUTION, ETC. (IMPRINT)
Place of publication, distribution, etc. New Hyde Park, N.Y. :
Name of publisher, distributor, etc. University Books,
Date of publication, distribution, etc. c1963.
300 ## - PHYSICAL DESCRIPTION
Pagination 394 p. :
Illustrations ill., ports. ;
Size 25 cm.
500 ## - GENERAL NOTE
General note Translation of Le musée des sorciers, mages et alchimistes.
504 ## - BIBLIOGRAPHY, ETC. NOTE
Bibliography, etc Includes index.
650 #0 - SUBJECT ADDED ENTRY--TOPICAL TERM
Topical term or geographic name as entry element Occultism.
9 (RLIN) 3332
942 ## - ADDED ENTRY ELEMENTS (KOHA)
Source of classification or shelving scheme Dewey Decimal Classification
Koha item type Books
Holdings
Lost status Source of classification or shelving scheme Damaged status Not for loan Collection code Permanent Location Current Location Shelving location Date acquired Source of acquisition Total Checkouts Full call number Date last seen Copy number Koha item type
  Dewey Decimal Classification   Added to bundle Non-fiction Central Library, University of Rajshahi Central Library, University of Rajshahi Reading Room 09/07/1966 Asia foundation   133 GRP 1963 06/04/2014 C-1 Books